| 000 | 01592cam a22002054a 4500 | ||
|---|---|---|---|
| 005 | 20250605164038.0 | ||
| 008 | 250528s ||||||||||||||||||||||||d | ||
| 035 | _a16888 | ||
| 040 |
_aGR-AtMCL _bgre _dGR-AtMCL _eAACR2 |
||
| 245 | 1 | _a'Ιλιον / Πορεία στους Αιώνες | |
| 300 | _a160 | ||
| 505 | 0 | _aΕισαγωγή, Το Λεκανοπέδιο και η Κοιλάδα του Κηφισού, Οι Δήμοι της Περιχής κατά την Αρχαιότητα, Από την Ακμή στην Ερήμωση, Η Επανάσταση του 1821 - Η Μάχη στο Δραγουμάνο, Η Απελευθέρωση, Τα Ανάκτορα, Η Επτάλοφος, Η Έξωση, Τα Κάτω Λιόσια, Τα Νέα Λιόσια, Μια Ανώμαλη Περίοδος, Βιβλιογραφία. | |
| 520 | _aΕισαγωγή, Το Λεκανοπέδιο και η Κοιλάδα του Κηφισού, Οι Δήμοι της Περιχής κατά την Αρχαιότητα, Από την Ακμή στην Ερήμωση, Η Επανάσταση του 1821 - Η Μάχη στο Δραγουμάνο, Η Απελευθέρωση, Τα Ανάκτορα, Η Επτάλοφος, Η Έξωση, Τα Κάτω Λιόσια, Τα Νέα Λιόσια, Μια Ανώμαλη Περίοδος, Βιβλιογραφία. | ||
| 700 | 1 |
_aΓεωργόπουλος Σπύρος _92977 |
|
| 700 | 1 |
_aΔιωτής Μαρίνος _92978 |
|
| 942 | _cBK | ||
| 260 | _bΠολιτιστικό Κέντρο Μελίνα Μερκούρη | ||
| 999 |
_c2338 _d2338 |
||